Nové pravidlá obchodovania Príloha
Nová forma obchodovania s cennými papiermi. Obchodovanie v krajinách Európskej únie. Zvýšenie likvidity trhov.
Salvato in:
| Autore principale: | |
|---|---|
| Natura: | Capitolo di libro |
| Lingua: | slovacco |
| Soggetti: | |
| Tags: |
Nessun Tag, puoi essere il primo ad aggiungerne!!
|
MARC
| LEADER | 00000naa a2200000 4500 | ||
|---|---|---|---|
| 001 | r022544 | ||
| 005 | 20251104123814.1 | ||
| 041 | 0 | |a slo | |
| 044 | |a SK | ||
| 245 | 1 | 0 | |a Nové pravidlá obchodovania |b Príloha |c V. Bačišin |
| 520 | |a Nová forma obchodovania s cennými papiermi. Obchodovanie v krajinách Európskej únie. Zvýšenie likvidity trhov. | ||
| 610 | 2 | 0 | |a burzovníctvo |
| 610 | 2 | 0 | |a papiere cenné |
| 610 | 2 | 0 | |a Európska únia |
| 610 | 2 | 0 | |a trh kapitálový |
| 610 | 2 | 0 | |a obchody burzové |
| 100 | 1 | |a Bačišin, Vladimír | |